| 000 | 00392cam a2200169ua 4500 | ||
|---|---|---|---|
| 020 | _cRs.2/- | ||
| 041 |
_aeng _h |
||
| 082 |
_a320.58 _bGAN/FO |
||
| 100 | _aGandhi, M K. | ||
| 245 |
_aFood storage of Agri. / _cGandhi.M.K. _hTextual Documents |
||
| 260 |
_a : _bNavajivan , _c1949. |
||
| 300 | _a227 ; . | ||
| 365 | _aRs.2/- | ||
| 504 | _a | ||
| 942 | _cBK | ||
| 999 |
_c12409 _d12409 |
||